zpět

Detail výsledku týmu

R.A.M., Jablonec nad Nisou

Datum a čas kvízu

33 Celkem bodů Celkový počet nahraných bodů na tomto kvízu bez doplňovacích otázek.
5. Pořadí na kvízu Konečné umístění týmu na tomto kvízu.

Zaznamenané odpovědi

# Otázka Odpověď Body Výsledky
1. Pražskou policii od minulého p... 1
2. Thajská vesmírná agentura plán... 0
3. Z obrazovek Primy zmizí dva os... 1
4. Tabákový gigant Philip Morris... 1
5. Majitel anglického fotbalového... 0
6. Toto téma je dalším, které jst... 0
7. Erbenova Kytice obsahuje 13 bá... 1
5. Jak se jmenoval levicový uměle... 1
5. Velmi osobitou postavou české... 0
10. Jakub Arbes, mladší kolega a p... 1